000 00720nam a2200277Ia 4500
001 Z_810
003 CHAP
008 220113s1980 xx 000 0 und d
010 _a163904
020 _a84-282-0161-7
040 _cCHAP
082 _a581.192 B7y
100 _aBraverman, J B S
_915113
245 _aIntroducción a la bioquímica de los alimentos /
_cJ. B. S. Braverman
260 _aBarcelona :
_bOmega,
_c1980
300 _a356 p.
503 _a131652
650 _aAlimentos
_xBioquímica
_94173
650 _aQuímica vegetal I. Bioquímica de los alimentos II. t.
_9137937
901 _a581.192 B7Y
902 _aM
910 _a1980
942 _c1
942 _cc1
999 _c163904
_d163904